Southville International School and Colleges
Your cart is empty.
  • Cart
  • Lists
    Public lists Eva Luna New books Lux_list list_1
    Your lists Log in to create your own lists
  • Log in to your account
  • Your cookies
  • Search history
Southville International School and Colleges
  • Advanced search
  • Recent comments
  • Most popular
  • Libraries

Log in to your account

Log in with GOOGLE


If you do not have an external account, but do have a local account, you can still log in:

  1. Home
  2. MARC view: Health economics
Normal view MARC view ISBD view

Health economics (Record no. 15140)

[ view plain ]
MARC details
000 -LEADER
fixed length control field 01486cam a2200421 a 4500
001 - CONTROL NUMBER
control field 14671358
003 - CONTROL NUMBER IDENTIFIER
control field OSt
005 - DATE AND TIME OF LATEST TRANSACTION
control field 20140310182658.0
008 - FIXED-LENGTH DATA ELEMENTS--GENERAL INFORMATION
fixed length control field 061215s2004 njua b 001 0 eng
010 ## - LIBRARY OF CONGRESS CONTROL NUMBER
LC control number 2006101465
020 ## - INTERNATIONAL STANDARD BOOK NUMBER
International Standard Book Number 9812530908
035 ## - SYSTEM CONTROL NUMBER
System control number (OCoLC)ocm77048114
040 ## - CATALOGING SOURCE
Original cataloging agency DLC
Transcribing agency DLC
Modifying agency C#P
-- BAKER
-- YDX
-- YDXCP
-- BTCTA
-- DLC
050 00 - LIBRARY OF CONGRESS CALL NUMBER
Classification number RA 410
Item number .G394 2004
082 00 - DEWEY DECIMAL CLASSIFICATION NUMBER
Classification number M 338.4
-- G33 2004
100 1# - MAIN ENTRY--PERSONAL NAME
Personal name Getzen, Thomas E.
245 10 - TITLE STATEMENT
Title Health economics
Statement of responsibility, etc Getzen, Thomas E.
Remainder of title fundamentals and flow of funds
260 ## - PUBLICATION, DISTRIBUTION, ETC. (IMPRINT)
Place of publication, distribution, etc Hoboken, NJ :
Name of publisher, distributor, etc John Wiley & Sons,
Date of publication, distribution, etc c2004.
300 ## - PHYSICAL DESCRIPTION
Extent xxvi, 357 p. :
Other physical details ill. ;
Dimensions 24 cm.
440 #0 - SERIES STATEMENT/ADDED ENTRY--TITLE
Title Wiley pathways
504 ## - BIBLIOGRAPHY, ETC. NOTE
Bibliography, etc Includes bibliographical references (p. [325]-343) and index.
521 ## - TARGET AUDIENCE NOTE
Target audience note
526 ## - STUDY PROGRAM INFORMATION NOTE
Reading level 0L to 1700L
541 ## - IMMEDIATE SOURCE OF ACQUISITION NOTE
-- 1
541 ## - IMMEDIATE SOURCE OF ACQUISITION NOTE
-- 2
541 ## - IMMEDIATE SOURCE OF ACQUISITION NOTE
-- 3
541 ## - IMMEDIATE SOURCE OF ACQUISITION NOTE
-- 4
541 ## - IMMEDIATE SOURCE OF ACQUISITION NOTE
-- 5
541 ## - IMMEDIATE SOURCE OF ACQUISITION NOTE
-- 6
562 ## - COPY AND VERSION IDENTIFICATION NOTE
Number of copies for circulation. 6 copies available in the collection
650 #0 - SUBJECT ADDED ENTRY--TOPICAL TERM
Topical term or geographic name as entry element Medical economics.
700 1# - ADDED ENTRY--PERSONAL NAME
Personal name Allen, Bruce Harold.
856 41 - ELECTRONIC LOCATION AND ACCESS
Materials specified Table of contents only
Uniform Resource Identifier <a href="http://www.loc.gov/catdir/toc/ecip076/2006101465.html">http://www.loc.gov/catdir/toc/ecip076/2006101465.html</a>
856 42 - ELECTRONIC LOCATION AND ACCESS
Materials specified Publisher description
Uniform Resource Identifier <a href="http://www.loc.gov/catdir/enhancements/fy0741/2006101465-d.html">http://www.loc.gov/catdir/enhancements/fy0741/2006101465-d.html</a>
906 ## - LOCAL DATA ELEMENT F, LDF (RLIN)
a 7
b cbc
c orignew
d 1
e ecip
f 20
g y-gencatlg
942 ## - ADDED ENTRY ELEMENTS (KOHA)
Source of classification or shelving scheme Library of Congress Classification
Koha item type Books
Call number prefix
Holdings
Withdrawn status Lost status Source of classification or shelving scheme Damaged status Home library Current library Shelving location Date acquired Source of acquisition Total Checkouts Full call number Barcode Date last seen Copy number Price effective from Koha item type Total Renewals Date checked out
    Library of Congress Classification   Archives Archives   04/18/2012 Donation   RA 410 .G394 2004 C5330 05/15/2018 1 04/18/2012 Books    
    Library of Congress Classification   Archives Archives   05/18/2013 Donation 2 RA 410 .G394 2004 C5155 05/15/2018 2 05/18/2013 Books 4 02/16/2016
    Library of Congress Classification   Archives Archives   05/18/2013 Donation   RA 410 .G394 2004 C9453 05/15/2018 4 05/18/2013 Books    
    Library of Congress Classification   Archives Archives   05/18/2013 Donation   RA 410 .G394 2004 C5157 05/15/2018 6 05/18/2013 Books    
    Library of Congress Classification   College Library College Library General Circulation Section 05/18/2013     RA 410 .G394 2004 C5154 05/15/2018 3 05/18/2013 Books    
    Library of Congress Classification   College Library College Library General Circulation Section 05/18/2013     RA 410 .G394 2004 C5156 05/15/2018 5 05/18/2013 Books    

Health economics

APA

Getzen T. E., Allen B. H., . (2004). Health economics. Hoboken, NJ: John Wiley & Sons.

Chicago

Getzen Thomas E, Allen Bruce Harold, . 2004. Health economics. Hoboken, NJ: John Wiley & Sons.

Harvard

Getzen T. E., Allen B. H., . (2004). Health economics. Hoboken, NJ: John Wiley & Sons.

MLA

Getzen Thomas E, Allen Bruce Harold, . Health economics. Hoboken, NJ: John Wiley & Sons. 2004.

  • Place hold
  • Print
  • Cite
  • Add to your cart (remove)
  • Save record
    BIBTEX Dublin Core MARCXML MARC (non-Unicode/MARC-8) MARC (Unicode/UTF-8) MARC (Unicode/UTF-8, Standard) MODS (XML) RIS
  • More searches
    Search for this title in:
    Other Libraries (WorldCat) Other Databases (Google Scholar) Online Stores (Bookfinder.com) Open Library (openlibrary.org)

Exporting to Dublin Core...

SOUTHVILLE LIBRARY

Southville International School and Colleges Library

1281 Tropical Ave. Cor. Luxembourg St., BF Homes International, Las Pinas City

Tel. No. 8256374 / 252358 Loc. 117/146

Powered by Koha